00437 a2200157 4500001000700000020001800007040002200025041001600047082001900063100005900082245002400141260003100165362001300196490003500209500003500244132893 a85-7180-636-5 cLeonardo Da Vinci aPortuguês aI C874lbC874l aCOSTA, Mônica RodriguesaOLIVEIRA, Paula Medeiros de aA Lenda da mandioca bMaltesec1995aSão Paulo a19950000 aLendas e fábulas brasileiras aGisela Moreau (Ilustração)